| 000 | 01027 a2200265 4500 | ||
|---|---|---|---|
| 005 | 20081013163936.0 | ||
| 008 | 081013t xxu||||| |||| 00| 0 eng d | ||
| 010 | _aENG-91281 | ||
| 020 | _c390.00 | ||
| 035 | _aEN-74814 | ||
| 037 | _bDBAD / PUB | ||
| 040 |
_adpl _bEnglish |
||
| 082 | _a658.3 | ||
| 100 | _aRao, P. Subba | ||
| 245 |
_aEssentials of human resource mangement and industrial relations: _cby P. Sabba Rao _b(text, cases and games) / |
||
| 250 | _a3rd rev. ed. | ||
| 260 |
_aNew Delhi _bHimalaya Publishing House _c2008 |
||
| 270 |
_aPooja Apartments, 4-B, Murari Lal Street, Ansari Road, Daryaganj, _bNew Delhi _e110002 |
||
| 300 |
_axiv, 613 p. _c29 cm. (Pbk) |
||
| 500 | _aIncludes index. | ||
| 650 | _aPersonnel management | ||
| 650 | _aIndustrial relations | ||
| 942 |
_adpl _cEN _k _2ddc _mRAO _h658.3 |
||
| 999 |
_c16627 _d16627 |
||